[Event "NRW Class1 1718"]
[Site "Germany"]
[Date "2018.04.29"]
[Round "9.4"]
[White "Himpenmacher, Andy"]
[Black "Schulte, Josef"]
[Result "1/2-1/2"]
[WhiteElo "2163"]
[BlackElo "1939"]
[PlyCount "117"]
[EventDate "2017.09.17"]
[EventType "team-tourn"]
[EventRounds "9"]
[EventCountry "GER"]
[SourceTitle "EXT 2019"]
[Source "ChessBase"]
[SourceDate "2018.10.10"]
[SourceVersion "1"]
[SourceVersionDate "2018.10.10"]
[SourceQuality "1"]
[WhiteTeam "Lieme"]
[BlackTeam "Sundern"]
[WhiteTeamCountry "GER"]
[BlackTeamCountry "GER"]

1. e4 c5 2. Nc3 e6 3. g3 d5 4. exd5 exd5 5. Bg2 Nf6 6. d3 Be7 7. Nge2 0-0 8. 0-0 d4 9. Ne4 Nc6 10. Nf4 Bf5 11. h3 Qd7 12. g4 Bg6 13. Ng3 Bd6 14. g5 Bxf4 15. gxf6 Be5 16. f4 Bd6 17. fxg7 Kxg7 18. f5 Bxg3 19. Qg4 Qd6 20. Be4 Kh8 21. Bh6 Rg8 22. fxg6 fxg6 23. Kg2 Be5 24. Rf7 Ne7 25. Raf1 Nf5 26. Bd2 Rab8 27. Rf3 Qe6 28. Rxb7 Rxb7 29. Bxb7 Qxa2 30. Qe4 Qe6 31. Bd5 Qf6 32. Bxg8 Nh4+ 33. Kf2 Nxf3 34. Qxf3 Kxg8 35. Qxf6 Bxf6 36. Kf3 Kf7 37. Ke4 Ke6 38. Bh6 Be7 39. Bf4 Bd6 40. Bg5 a6 41. b3 Bf8 42. Bd8 Kd6 43. Bf6 Ke6 44. Bd8 Bg7 45. Bb6 Kd6 46. Bd8 Bf8 47. Bf6 Ke6 48. Bd8 h5 49. Bg5 Bg7 50. Bd8 Bh6 51. Bb6 Kd6 52. Bd8 Bd2 53. Bf6 Ke6 54. Bd8 Kd6 55. Bf6 Be1 56. Bg5 Bg3 57. Kf3 Be5 58. Ke4 Bh2 59. Bd2 1/2-1/2

[Event "NRW Class2 1516"]
[Site "Germany"]
[Date "2016.04.03"]
[Round "8.6"]
[White "Haves, Reinhard"]
[Black "Schulte, Josef"]
[Result "1-0"]
[WhiteElo "2113"]
[BlackElo "1888"]
[PlyCount "55"]
[EventDate "2015.09.27"]
[EventType "team-tourn"]
[EventRounds "9"]
[EventCountry "GER"]
[SourceTitle "EXT 2017"]
[Source "ChessBase"]
[SourceDate "2016.10.25"]
[SourceVersion "1"]
[SourceVersionDate "2016.10.25"]
[SourceQuality "1"]
[WhiteTeam "Neuenkirchen"]
[BlackTeam "Sundern"]
[WhiteTeamCountry "GER"]
[BlackTeamCountry "GER"]

1. d4 Nf6 2. Nf3 g6 3. g3 Bg7 4. Bg2 0-0 5. c4 d6 6. Nc3 c5 7. 0-0 Nc6 8. dxc5 dxc5 9. Qxd8 Rxd8 10. Bf4 Be6 11. Ne5 Na5 12. Nd3 Rac8 13. b3 Ng4 14. Rac1 b6 15. h3 Nf6 16. Nb5 Rd7 17. Ne5 Rdd8 18. Nxa7 Nh5 19. Nxc8 Nxf4 20. gxf4 Rxc8 21. Rcd1 g5 22. Nd3 h6 23. fxg5 hxg5 24. f4 Bd4+ 25. Kh1 Kg7 26. fxg5 Be3 27. Nf4 Bf5 28. Nd5 1-0